| 000 | nam a22 7a 4500 | ||
|---|---|---|---|
| 999 |
_c15265 _d15265 |
||
| 005 | 20200626112143.0 | ||
| 008 | 200626b xxu||||| |||| 00| 0 eng d | ||
| 040 | _ccngjg | ||
| 050 | _aPS3561.14873.C47 | ||
| 100 | _aKaren Kingsbury | ||
| 245 | _aThe chance | ||
| 260 |
_aLondon _bSimon and schuster _c2013 |
||
| 300 | _a320,p. | ||
| 942 |
_2lcc _cOS _hPS3561.14873.C47 |
||